Responses for Show #4067 - Tuesday, April 16, 2002

(Jimmy: Hi, I'm Jimmy.)
(Sarah: And I'm Sarah of the Clue Crew at the New Orleans School of Cooking.)
(Jimmy: Today, we learn the difference between blackened...)
(Sarah: ...and burned.)

Contestants

[<< previous game]

Summer Douglass, a journalist from Lima, Ohio

Joe Miazgowicz, a hockey referee supervisor and computer network specialist from Encinitas, California

Ben Bass, an attorney from Chicago, Illinois (whose 1-day cash winnings total $23,201)

[next game >>]

Jeopardy! Round responses

OFFICIAL LANGUAGES
FILL IN THE (MEL) BLANC
COOKIN' IN NEW ORLEANS
LOVE'S LABOUR'S LOST
LIVIN' LATVIAN LARGE
LIFE'S LITTLE LESSONS
    $200 11
Spanish

Ben
    $200 1
What's up, Doc?

Summer
    $200 6
bread pudding

Ben
    $200 16
Queen Elizabeth

Ben
    $200 26
(Joe: What are motorbikes?)
(Summer: What are motorcycles?)
---
(Alex: Forget the motor. Just [*].)

bicycles

JoeSummer
Triple Stumper
    $200 21
batteries

Joe
    $400 12
Arabic

Triple Stumper
    $400 2
(Barney) Rubble

Ben
    $400 7
Hollandaise sauce

Ben
    $400 17
Latin

Triple Stumper
    $400 27
April

Summer
    $400 22
when the going gets tough

Joe
    $600 13
German

Ben
    $600 3
(Alex: For the Roadrunner.)

Beep, beep

Joe
    $600 8
jambalaya

Joe
    $600 18
(Joe: What is Clueless?)

Kenneth Branagh

Joe
Triple Stumper
    $600 28
mosquitoes

Summer
    $600 23
the chickens

Ben
    $800 14
French

Summer
    $800 4
Daffy Duck

Summer
    $800 9
red beans & rice

Joe
    $600 19
(Ben: Who is Ferdinand?)

Romeo

Ben
    $800 29
1992

Joe
    $800 24
Murphy

Ben
    $1000 15
Russian

Summer
    $1000 5
Cucamonga

Joe
    $1000 10
pralines

Summer
    $1000 20
Love's Labour's Won

Triple Stumper
    $1000 30
Baryshnikov

Summer
    $1000 25
(Alex: Minute to go now.)

treasure

Ben

Scores at the first commercial break (after clue 15):

Ben Joe Summer
$1,800 $3,000 $3,800

Scores at the end of the Jeopardy! Round:

Ben Joe Summer
$3,800 $3,600 $5,600

Double Jeopardy! Round responses

CIVIL WAR STUFF
SALLY FORTH
THE AGRICULTURAL HALL OF FAME
(Alex: It's in Bonner Springs, Kansas.)
FIELD EVENTS
TRAVEL & TOURISM
"CAT" GOT YOUR TONGUE
    $400 17
Robert E. Lee

Joe
    $400 1
Sally Jessy Raphael

Ben
    $400 22
(George Washington) Carver

Summer
    $400 11
the shot

Summer
    $400 12
Jamestown

Joe
    $400 6
Chatty Cathy

Ben
    $800 18
the Monitor

Joe
    $800 2
Sally Struthers

Ben
    $800 27
(Eli) Whitney

Ben
    $800 13
a hammer

Ben
    $800 23
the International Date Line

Summer
    $800 7
a catwalk

Ben
    $1200 19
David Farragut

Joe
    $1200 3
Sally Bowles

Ben
    $1200 28
Luther Burbank

Joe
    $1,000 14
the heptathlon

Ben
    $1200 24
(Joe: What is Puerto Rico?)

the Virgin Islands

Joe
Triple Stumper
    $1200 8
catalog

Joe
    $1600 20
Salmon P. Chase

Triple Stumper
    $1600 4
Axis Sally

Joe
    $1600 15
a pole vault

Ben
    $3,000 25
(Alex: With a minute to go, you hit the other Daily Double.)
---
(Summer: What is Florence?)
---
(Alex: No, sorry. It's [*], Tower of [*].)

Pisa

Summer
    $1600 9
a cataclysm

Ben
    $2000 21
(Alex: The locomotive was called [*]. Buster Keaton made a film about it.)

The General

Triple Stumper
    $2000 5
Sally Hemings

Ben
    $2000 29
(Joe: Who is John Deere?)
...
[The end-of-round signal sounds.]

Cyrus McCormick

Joe
Triple Stumper
    $2000 16
Cuba

Triple Stumper
    $2000 26
(Alex: It's in Paris, so it's in [*].)

France

Triple Stumper
    $2000 10
a catarrh

Joe

Scores at the end of the Double Jeopardy! Round:

Ben Joe Summer
$15,200 $9,200 $4,200

[wagering suggestions for these scores]

Final Jeopardy! Round responses

5-LETTER WORDS
(Alex: The founder of the telephone, Alexander Graham Bell, was in favor of picking up the telephone and saying, "Ahoy!" but other people went out with [*].)
SummerWhat is phone?
$4,000
JoeWhat is phone?
$9,200
BenWhat is _______
$3,201
hello

Final scores:

Ben Joe Summer
$11,999 $0 $200
2-day champion: $35,200 3rd place: trip to Washington, D.C. 2nd place: trip to Budapest

Game dynamics:

Coryat scores:

Ben Joe Summer
$16,000 $9,200 $7,200
20 R
(including 1 DD),
1 W
(including 1 DD)
15 R,
4 W
11 R,
2 W
(including 1 DD)

Combined Coryat: $32,400

[game clues] [game scores] [suggest correction]

Game tape date: 2002-01-14
The J! Archive is created by fans, for fans. Scraping, republication, monetization, and malicious use prohibited; this site may use cookies and collect identifying information. See terms. The Jeopardy! game show and all elements thereof, including but not limited to copyright and trademark thereto, are the property of Jeopardy Productions, Inc. and are protected under law. This website is not affiliated with, sponsored by, or operated by Jeopardy Productions, Inc. Join the discussion at JBoard.tv.